Movie Remakes - Statistics

General Stats
  • This quiz has been taken 50 times
  • The average score is 12 of 20
Answer Stats
Year Star(s) Hint Movie % Correct
1933 Fay Wray Beauty killed the beast. King Kong
79%
1953 Gene Barry Martian invasion. War of the Worlds
79%
1969 John Wayne Girl hires marshall to find her father's killer. True Grit
77%
1962 Robert Mitchum Sadist stalks lawyer and his family Cape Fear
72%
2010 Jeff Bridges .
67%
1991 Robert DeNiro .
67%
1988 Dennis Quaid .
67%
1988 Noble Craig .
67%
2005 Tom Cruise .
67%
1989 Sean Penn / Robert DeNiro .
67%
2015 Sam Rockwell .
67%
1978 Donald Sutherland .
67%
1976 Jessica Lange .
67%
2009 John Travolta / Denzel Washington .
67%
1982 Craig T Nelson Family home is haunted by evil forces. Poltergeist
51%
1958 Steve McQueen Alien lifeform consumes all in its path and grows. The Blob
49%
1974 Walter Matthau / Robert Shaw Hijacking of a NYC subway car for ransom. The Taking of Pelham 123
38%
1956 Kevin McCarthy People are being replaced by Pod People Invasion of the Body Snatchers
36%
1955 Humphrey Bogart Prison escapees pose as priests. We're No Angels
23%
1950 Edmond O'Brien Dying man tries to solve his murder. D.O.A.
15%
No matching quizzes found
Score Distribution
Percent of People with Each Score
Percentile by Number Answered
Your Score History
You have not taken this quiz